Advanced engineering mathematics
Tallennettuna:
| Päätekijä: | |
|---|---|
| Aineistotyyppi: | Kirja |
| Kieli: | Undetermined |
| Julkaistu: |
London, UK
Thomson Learning
2007
|
| Aiheet: | |
| Tagit: |
Lisää tagi
Ei tageja, Lisää ensimmäinen tagi!
|
| Thư viện lưu trữ: | Trung tâm Học liệu Trường Đại học Cần Thơ |
|---|
| LEADER | 00534nam a2200193Ia 4500 | ||
|---|---|---|---|
| 001 | CTU_128478 | ||
| 008 | 210402s9999 xx 000 0 und d | ||
| 020 | |c 1944000 | ||
| 082 | |a 620.00151 | ||
| 082 | |b O.58 | ||
| 100 | |a O'Neil, Peter V. | ||
| 245 | 0 | |a Advanced engineering mathematics | |
| 245 | 0 | |c Peter V. O'Neil | |
| 260 | |a London, UK | ||
| 260 | |b Thomson Learning | ||
| 260 | |c 2007 | ||
| 650 | |a Engineering mathematics,Toán kỹ thuật | ||
| 904 | |i Minh | ||
| 980 | |a Trung tâm Học liệu Trường Đại học Cần Thơ | ||